000 00548nam a2200217Ia 4500
003 OSt
005 20220918173723.0
006 a|||||r|||| 00| 0
007 ta
008 220917b |||||||| |||| 00| 0 eng d
024 _a8,013
037 _cTextual
040 _aARTS
_cARTS
_beng
041 _2eng
_aeng
082 _a71:N5, K6
100 _aParkinson C Nothcote
_947137
245 0 _aLaw unto themselves
_b 12 portraits
260 _c1962
942 _h71:N5, K6
_cTEXL
_2CC
999 _c149805
_d149805